| 000 | 00464pab a2200169 454500 | ||
|---|---|---|---|
| 008 | 180718b2006 xxu||||| |||| 00| 0 eng d | ||
| 100 | _aBandyopadhyay, Madhumita | ||
| 245 | _aEducation of marginalised groups in India: from the perspective of social justice | ||
| 260 | _c2006 | ||
| 300 | _ap.98-113. | ||
| 362 | _aJun | ||
| 650 | _aSocial justice - India | ||
| 650 | _aEducation - India | ||
| 650 | _aEducation | ||
| 773 | _aSocial Change | ||
| 909 | _a71243 | ||
| 999 |
_c71243 _d71243 |
||